000 00606nam a22002052 4500
001 0000005275
005 20151217152000.0
008 070611s xx 000 0 eng d
020 _a8127217522 :
_cKES 493
040 _aKABU
_cKABU
050 0 _aTP248.2
_b.S56
100 1 _aSingh, B. D.
_@0000155279
245 1 0 _aBiotechnology :
_bexpanding horizons /
_cB. D. Singh.
260 _aLudhiana :
_bKalyani Publishers,
_c2004.
300 _axi, 844 p. :
_bill. ;
_c24 cm.
650 0 _aBiotechnology.
_@0000155132
908 _a070611
950 _@1
999 _c6965
_d6965